Т. 2; Инновационные технологии и экономика в машиностроении

書誌詳細
Parent link:Инновационные технологии и экономика в машиностроении: сборник трудов V Международной научно-практической конференции , 22-23 мая 2014 г., Юрга/ Национальный исследовательский Томский политехнический университет (ТПУ), Юргинский технологический институт (ЮТИ); отв. ред. Д. А. Чинахов. Т. 2.— , 2014.— 978-5-4387-0445-4
要約:Сборник содержит материалы V Международной научно-практической конференции по современным проблемам инновационных технологий в сварочном производстве, машиностроении, металлургии, автоматизации производства и экономики. Материалы сборника представляют интерес для преподавателей, научных сотрудников, аспирантов и студентов технических и экономических специальностей.
言語:ロシア語
出版事項: 2014
主題:
フォーマット: MixedMaterials 図書
KOHA link:https://koha.lib.tpu.ru/cgi-bin/koha/opac-detail.pl?biblionumber=315458

MARC

LEADER 00000nam2a2200000 4500
001 315458
005 20231102002800.0
010 |a 9785438704478 
035 |a (RuTPU)RU\TPU\book\340893 
035 |a RU\TPU\book\237798 
090 |a 315458 
100 |a 20160301d2014 k y0rusy50 ca 
101 0 |a rus 
102 |a RU 
105 |a a z 101zy 
200 0 |a Т. 2 
210 |d 2014 
215 |a 380 с.  |c ил. 
320 |a Библиография в конце докладов. 
320 |a Алфавитный указатель авторов: с. 380. 
330 |a Сборник содержит материалы V Международной научно-практической конференции по современным проблемам инновационных технологий в сварочном производстве, машиностроении, металлургии, автоматизации производства и экономики. Материалы сборника представляют интерес для преподавателей, научных сотрудников, аспирантов и студентов технических и экономических специальностей. 
461 1 |0 (RuTPU)RU\TPU\book\335565  |y 978-5-4387-0445-4  |t Инновационные технологии и экономика в машиностроении  |o сборник трудов V Международной научно-практической конференции , 22-23 мая 2014 г., Юрга  |f Национальный исследовательский Томский политехнический университет (ТПУ), Юргинский технологический институт (ЮТИ); отв. ред. Д. А. Чинахов  |v Т. 2  |d 2014 
606 1 |a Машиностроение  |x Внедрение передовой технологии и техники  |x Экономическая эффективность  |2 stltpush  |3 (RuTPU)RU\TPU\subj\41432  |9 61223 
610 1 |a инновационные технологии 
610 1 |a машиностроительное производство 
610 1 |a автоматизация 
610 1 |a информатизация 
610 1 |a экономика 
610 1 |a менеджмент 
610 1 |a окружающая среда 
610 1 |a здоровье 
610 1 |a недропользование 
610 1 |a породные отвалы 
610 1 |a передовые технологии 
610 1 |a агропромышленные комплексы 
610 1 |a твердые бытовые отходы 
610 1 |a полигоны 
610 1 |a корпоративные информационные системы 
610 1 |a эволюция 
610 1 |a городской пассажирский транспорт 
610 1 |a регулирование 
610 1 |a машиностроительные предприятия 
610 1 |a банкротство 
610 1 |a иностранные студенты 
610 1 |a адаптация 
610 1 |a информационные проекты 
610 1 |a риски 
610 1 |a угольная промышленность 
610 1 |a финансово-экономические кризисы 
610 1 |a радиационные аварии 
610 1 |a причинно-следственные связи 
610 1 |a 3D-печать 
610 1 |a применение 
610 1 |a проходческие комбайны 
610 1 |a кривошипно-ползунные механизмы 
610 1 |a уравновешивание 
610 1 |a геоходы 
610 1 |a конференции 
610 1 |a труды учёных ТПУ 
675 |a 621.002:658.589.001.46(063)  |v 3 
801 1 |a RU  |b 63413507  |c 20100819 
801 2 |a RU  |b 63413507  |c 20211026  |g RCR 
942 |c BK